| 000 | 00417nam a22001817a 4500 | ||
|---|---|---|---|
| 003 | MPLRDC | ||
| 005 | 20220104163746.0 | ||
| 008 | 210129b ||||| |||| 00| 0 eng d | ||
| 020 | _a333-02268-8 | ||
| 082 | _a870.57 SCH | ||
| 100 | _aE.W. HILDICK | ||
| 245 |
_aLOUIE'S S.O.S. _c |
||
| 250 | _a第一版 | ||
| 260 |
_a _bMACMILLAN EDUCATION LTD _c1968 |
||
| 300 | _b平 | ||
| 650 | _a | ||
| 942 |
_cBK _o870.57 SCH |
||
| 999 |
_c56626 _d56616 |
||